00385nam a22001697a 450000500170000002000180001710000150003524500220005025000140007226000330008630000130011965000160013265000130014865000120016170000220017370000200019520260114114306.0 a9789353060411 aHass, Joel aThomas' calculus a14th ed.  aUttarpradeshbPearson c2018 axvi+1048 aDerivatives aIntegral aVectors aHeil, Christopher aWeir, Maurice D